000 00325nam a2200109Ia 4500
008 171211s9999 xx 000 0 und d
245 _aSoftware Testing 2020: Preparing for New Roles
245 _cMukesh Sharma
260 _c2016
650 _xINFORMATION TECHNOLOGIES
856 _uhttp://down.ebook777.com/064/1498788874.pdf
999 _c349684
_d349684